Somos hijos de la Iglesia: curso de preparación a la confirmación
I tiakina i:
| Kaituhi rangatōpū: | |
|---|---|
| Hōputu: | Pukapuka |
| Reo: | Pāniora |
| I whakaputaina: |
Santiago
Paulinas
1980
|
| Ngā marau: | |
| Ngā Tūtohu: |
Tāpirihia he Tūtohu
Kāore He Tūtohu, Me noho koe te mea tuatahi ki te tūtohu i tēnei pūkete!
|
MARC
| LEADER | 00000nam a2200000 a 4500 | ||
|---|---|---|---|
| 001 | UCL3773 | ||
| 003 | CL-VaPUC | ||
| 008 | 031212e19800000CL |||||||||||||||||spa|d | ||
| 082 | 0 | 4 | |a 265.2 |b INS |2 21 |
| 110 | 2 | |a Instituto de Catequesis de Valparaíso |e author |9 481175 | |
| 245 | 1 | 0 | |a Somos hijos de la Iglesia: curso de preparación a la confirmación |
| 300 | |a 77 p | ||
| 942 | |c BK | ||
| 945 | |d 20031212 00:00:00 |a vberengu | ||
| 260 | |a Santiago |b Paulinas |c 1980 | ||
| 650 | 0 | |a Confirmación |9 255060 | |
| 650 | 0 | |a Sacramentos |9 257270 | |
| 650 | 0 | |a Libros de texto |9 270019 | |
| 650 | 0 | |a Catequesis |9 314526 | |
| 583 | |a last modification |c 20031212 00:00:00 |k Rodrigo Vera | ||
| 999 | |c 306780 |d 306778 | ||
| 952 | |0 0 |1 0 |4 0 |6 265_200000000000000_INS_1980 |7 0 |8 A |9 372060 |a BIBTEO |b BIBTEO |d 2019-11-21 |i 2097362 |o 265.2 INS 1980 |p 2097362 |r 2019-11-21 |w 2019-11-21 |y BK |k ICR | ||